01010naa a22002777a 4500001001000000003000900010005001700019007000300036008003400039040005400073041000900127072002000136100001400156100001700170100001700187111008200204245010900286260003600395500011400431650001700545650000900562650001400571650001900585650001500604773011300619BR7903760BR-BrBNA20240918174417.0ta230509b bl.||||| |||| 00| 0 por d aBR-BrBNAbporcBiblioteca Nacional de Agricultura a(Pt) aH60b0336b38761 aHonda, T.1 aMeneghel, D.1 aPompeu, R.M.1 a1. Seminario Nacional de Pesquisa de SojacLondrina, PR (Brazil)d24 Sep 19781 aUso do herbicida orizalina no plantio direto da soja (Glycine max (L.)Merrill)[erva daninha, profilaxia]3 aLondrina, PR (Brasil): c1979.  aAnais do 1. Seminario Nacional de Pesquisa de Soja Londrina, PR (Brasil): 1979. p. 203-210 (BR7903760-AM)H60  aERVA DANINHA aSOJA aHERBICIDA aPLANTIO DIRETO aPROFILAXIA0 tAnais do 1. Seminario Nacional de Pesquisa de SojabwH60 BR7903760gLondrina, PR (Brasil), 1979. p. 203-210